• 首页
  • 本馆介绍
  • 公告通知
  • 最新文献
  • 馆藏检索
  • 电子资源
  • 读者导购
  • 参考咨询
  • 我的图书馆
  • 登录
  • 详细信息显示
  • 放入我的书架
  • 预约/预借图书
  • 作者相关作品
  • 分类相关作品
  • 丛书相关作品
  • 出版社相关作品

书目信息

  • 表格格式
  • 工作单格式
  • 卡片格式
题名:
化学
    
 
作者: 王晶 , 郑长龙 主编 ;人民教育出版社 , 课程教材研究所 , 化学课程教材研究开发中心 编著
分册: 上册   九年级
出版信息: 北京   人民教育出版社  2024
页数: 186页
开本: 26cm
丛书名:
单 册:
中图分类: G634.81 , G634.8
科图分类:
主题词: 中学化学课--Zhong Xue Hua Xue Ke--初中--教材 , 中学化学课--Zhong Xue Hua Xue Ke
电子资源:
ISBN: 978-7-107-38260-4
000 01078nam0 2200301 450
001 012024000256
005 20241125172130.21
010    @a978-7-107-38260-4@dCNY11.95
100    @a20241025d2024 demy0chiy50 ea
101 0  @achi
102    @aCN@b110000
105    @aa z 000yy
106    @ar
200 1  @a化学@AHua Xue@i九年级@h上册@f王晶, 郑长龙主编@g人民教育出版社, 课程教材研究所, 化学课程教材研究开发中心编著
210    @a北京@c人民教育出版社@d2024
215    @a186页@c图@d26cm
300    @a义务教育教科书
606 0  @a中学化学课@AZhong Xue Hua Xue Ke@x初中@j教材
606 0  @a中学化学课@AZhong Xue Hua Xue Ke
690    @aG634.81@v5
690    @aG634.8@v4
701  0 @a王晶@AWang Jing@4主编
701  0 @a郑长龙@AZheng Chang Long@4主编
712 02 @a人民教育出版社@ARen Min Jiao Yu Chu Ban She@4编著
712 02 @a课程教材研究所@AKe Cheng Jiao Cai Yan Jiu Suo@4编著
712 02 @a化学课程教材研究开发中心@AHua Xue Ke Cheng Jiao Cai Yan Jiu Kai Fa Zhong Xin@4编著
801  0 @aCN@bAHXH@c20241025
905    @b214147920@b214147911@dG634.8@e2912:3(1)@f2
    
    化学.九年级.上册/王晶, 郑长龙主编/人民教育出版社, 课程教材研究所, 化学课程教材研究开发中心编著.-北京:人民教育出版社,2024
    186页:图;26cm
    义务教育教科书
    
    ISBN 978-7-107-38260-4:CNY11.95
    
●
相关链接 在E读中查询图书 在五车中查询图书 在当当中查询图书 在豆瓣中查询图书


正题名:化学     索取号:G634.8/2912:3(1)         预约/预借

序号 登录号 条形码 馆藏地/架位号 状态 备注
1 1414791   214147911   第一样本阅览室/ [索取号:G634.8/2912:3(1)] 在馆    
2 1414792   214147920   第四借阅区/ [索取号:G634.8/2912:3(1)] 在馆    
唐山师范学院图书馆 欢迎您!
大连网信软件有限公司© 版权所有